书目信息 |
| 题名: |
林木育种
|
|
| 作者: | 帕斯卡 编 ;联合国粮农组织 编 | |
| 分册: | ||
| 出版信息: | 北京 中国对外翻译出版公司 1986 |
|
| 页数: | 104页 | |
| 开本: | 21cm | |
| 丛书名: | ||
| 单 册: | ||
| 中图分类: | S722.3-53 | |
| 科图分类: | ||
| 主题词: | 木本植物--植物育种--国际会议--文集 | |
| 电子资源: | ||
| ISBN: | 16220.21 | |
| 000 | 00853nam2 2200265 450 | |
| 001 | 0105516016 | |
| 005 | 20020928000000.0 | |
| 010 | @a16220.21@dCNY0.60 | |
| 091 | @a16220.21@dCNY0.60 | |
| 100 | @a20000125d1986 km f0chiy0110 ea | |
| 101 | 1 | @achi@ceng |
| 102 | @aCN@b110000 | |
| 105 | @ay m 000yy | |
| 106 | @ar | |
| 200 | 1 | @a林木育种@9Lin Mu Yu;Yo Zhong;Chong @e第三届世界林木育种会议论文选编@f帕斯卡编@b联合国资料 |
| 210 | @a北京@c中国对外翻译出版公司@d1986 | |
| 215 | @a104页@d21cm | |
| 300 | @a联合国粮农组织出版物选译 | |
| 510 | 1 | @aWelected papers from the third World Consultation on Forest Tree Breeding@zeng |
| 606 | 0 | @a木本植物@x植物育种@x国际会议@x文集 |
| 690 | @aS722.3-53@v4 | |
| 701 | 0 | @a帕斯卡@bT.M.@4编@9 |
| 711 | 02 | @a联合国粮农组织@4编@9 |
| 801 | 0 | @aCN@bAZmarc@c20230906 |
| 905 | @aBZT@dS722.3@e1@f3@sS722.3/1 | |
| 林木育种:第三届世界林木育种会议论文选编/帕斯卡编[联合国资料].-北京:中国对外翻译出版公司,1986 |
| 104页;21cm |
| 联合国粮农组织出版物选译 |
| ISBN 16220.21:CNY0.60 |
| ● |
| 相关链接 |
|
|
|
正题名:林木育种
索取号:S722.3/1
 
预约/预借
| 序号 | 登录号 | 条形码 | 馆藏地/架位号 | 状态 | 备注 |
| 1 | 2000076817 | 2000076817 | 旧书回溯/ [索取号:S722.3/1] | 在馆 | |
| 2 | 2000076818 | 2000076818 | 旧书回溯/ [索取号:S722.3/1] | 在馆 | |
| 3 | 2000076819 | 2000076819 | 旧书回溯/ [索取号:S722.3/1] | 在馆 |